| 000 | 00542nam a2200169 i 4500 | ||
|---|---|---|---|
| 001 | 41907 | ||
| 003 | ES-MaACL | ||
| 005 | 20231229063011.0 | ||
| 007 | t| | ||
| 008 | 030312s1961 sp ||||1| spa d | ||
| 100 | 1 |
_aCastán Tobeñas, José, _d1889-1969 _936392 |
|
| 245 | 1 | 3 |
_aEl humanismo en la historia de las ideas y en sus horizontes jurídicos actuales / _cdiscurso leído por José Castán Tobeñas. |
| 260 |
_aMadrid : _bReus, _c1961. |
||
| 300 |
_a112 p. ; _c24 cm. |
||
| 852 |
_aES-MaACL _jC-33017 _bR.63527 |
||
| 999 |
_c41907 _d41907 |
||